The Cocklepfiefer case; (Record no. 18025)
[ view plain ]
| 000 -LEADER | |
|---|---|
| fixed length control field | 00677cam a22002171 4500 |
| 001 - CONTROL NUMBER | |
| control field | ca 36000180 |
| 003 - CONTROL NUMBER IDENTIFIER | |
| control field | DLC |
| 005 - DATE AND TIME OF LATEST TRANSACTION | |
| control field | 20260227111140.0 |
| 008 - FIXED-LENGTH DATA ELEMENTS--GENERAL INFORMATION | |
| fixed length control field | 890621s1936 mau 000 0 eng |
| 010 ## - LIBRARY OF CONGRESS CONTROL NUMBER | |
| LC control number | ca 36000180 |
| 035 ## - SYSTEM CONTROL NUMBER | |
| System control number | (OCoLC)19904000 |
| 040 ## - CATALOGING SOURCE | |
| Original cataloging agency | DLC |
| Transcribing agency | RPB |
| Modifying agency | DLC |
| 050 00 - LIBRARY OF CONGRESS CALL NUMBER | |
| Classification number | PN6120.A5 |
| Item number | H524 |
| 082 ## - DEWEY DECIMAL CLASSIFICATION NUMBER | |
| Classification number | 812.5 |
| 100 1# - MAIN ENTRY--PERSONAL NAME | |
| Personal name | Hewitt, Barnard, |
| Dates associated with a name | 1906- |
| 245 14 - TITLE STATEMENT | |
| Title | The Cocklepfiefer case; |
| Remainder of title | a burlesque mystery drama, |
| Statement of responsibility, etc. | by Barnard Hewitt and Judson Genung. |
| 260 ## - PUBLICATION, DISTRIBUTION, ETC. | |
| Place of publication, distribution, etc. | Boston, Mass., |
| -- | Los Angeles, Calif. |
| Name of publisher, distributor, etc. | [Walter H. Baker Company, |
| Date of publication, distribution, etc. | c1936] |
| 300 ## - PHYSICAL DESCRIPTION | |
| Extent | 20 p. |
| Dimensions | 19 cm. |
| 490 0# - SERIES STATEMENT | |
| Series statement | Bakers̕ plays for amateurs |
| 700 1# - ADDED ENTRY--PERSONAL NAME | |
| Personal name | Genung, Judson, |
| Relator term | joint author. |
No items available.